Možnosti racionalizácie zvárania spojky SAE - A : Diplomová práca

Gespeichert in:
Bibliographische Detailangaben
1. Verfasser: Šiška, Ľubomír (Verfasst von)
Weitere Verfasser: Jančarik, Miroslav (xxx)
Format: Manuskript Buch
Sprache:Slowakisch
Veröffentlicht: Trnava : SVŠT v Bratislave StF KZZS, 1991
Schlagworte:
Tags: Tag hinzufügen
Keine Tags, Fügen Sie das erste Tag hinzu!

MARC

LEADER 00000ntm a22000003a 4500
001 stu124352
005 20160719162740.8
008 060802s1991----cs------------------slo-d
040 |a STU  |b slo 
041 0 |a slo 
044 |a cs 
100 1 |a Šiška, Ľubomír  |4 aut 
245 1 |a Možnosti racionalizácie zvárania spojky SAE - A :  |b Diplomová práca 
260 |a Trnava :  |b SVŠT v Bratislave StF KZZS,  |c 1991 
300 |a 73 s  |c príl 
650 7 |a strojárska technológia  |2 stusub 
700 1 |a Jančarik, Miroslav  |4 xxx 
996 |b 284M073811  |c M*DP-3048  |l MMSKP  |s P  |a 0  |w stu124352_0001